000 00606nam a22002057a 4500
005 20260515115120.0
008 260224b |||||||| |||| 00| 0 eng d
020 _a9788123757932
040 _aIN-DiNC
_cIN-DiNC
041 _deng
082 _a322.954
_bGOH
100 _aGohain, Hiren
_eauthor
245 _aContribution of the revolutionists in India's freedom struggle/
_cby Hiren Gohain
250 _a1st rep.
260 _aNew Delhi:
_bNational book trust, india,
_c2011
300 _a110p.
650 _aIndian freedom struggle
700 _aMahanta, Amrit jyoti
_eTranslator
942 _2ddc
_cBK
999 _c12285
_d12285